000 00236nam a2200097Ia 4500
001 918460
005 20250826185933.0
008 250824s9999 xx 000 0 und d
245 0 _aGÜLİSTAN
_cSADİ ŞİRAZİ
260 _bANONİM YAYINLARI
999 _c918460
_d918460